[Event "Wuerttemberg-ch KT"]
[Site "Stuttgart"]
[Date "2017.08.30"]
[Round "5"]
[White "Pranjic, Daniel"]
[Black "Engelhardt, Frank"]
[Result "1-0"]
[WhiteElo "1791"]
[BlackElo "1815"]
[PlyCount "103"]
[EventDate "2017.08.26"]
[EventType "swiss"]
[EventRounds "7"]
[EventCountry "GER"]
[SourceTitle "EXT 2019"]
[Source "ChessBase"]
[SourceDate "2018.10.10"]
[SourceVersion "1"]
[SourceVersionDate "2018.10.10"]
[SourceQuality "1"]

1. e4 Nf6 2. e5 Nd5 3. d4 d6 4. Nf3 Bg4 5. h3 Bh5 6. Be2 e6 7. 0-0 Be7 8. c4 Nb6 9. Nc3 Nc6 10. exd6 cxd6 11. Be3 0-0 12. b3 Rc8 13. Qd2 Nd7 14. Rfc1 Nf6 15. d5 Bxf3 16. Bxf3 Ne5 17. Be2 b6 18. dxe6 fxe6 19. Rd1 a6 20. Bf4 Nfd7 21. Ne4 Rc6 22. Ng5 Bxg5 23. Bxg5 Qe8 24. f4 Nf7 25. Bf3 Rc5 26. Bh4 Rc7 27. Re1 Nc5 28. b4 Nd7 29. Bd5 e5 30. f5 Kh8 31. Rf1 Nf6 32. Be6 Qe7 33. Rac1 Nd8 34. Bd5 Qe8 35. Bf2 Nxd5 36. Qxd5 Qc6 37. Qxc6 Rxc6 38. b5 Rc8 39. Bxb6 axb5 40. cxb5 Ra8 41. Bxd8 Rfxd8 42. Rc2 Kg8 43. b6 Kf7 44. Rc7+ Kf6 45. g4 Rxa2 46. Rb1 Raa8 47. b7 Rab8 48. Kf2 d5 49. Rb6+ Kg5 50. Kg3 g6 51. h4+ Kh6 52. g5+ 1-0

[Event "Wuerttemberg-ch KT"]
[Site "Stuttgart"]
[Date "2016.09.04"]
[Round "9"]
[White "Ruff, Robert"]
[Black "Engelhardt, Frank"]
[Result "0-1"]
[WhiteElo "1864"]
[BlackElo "1819"]
[PlyCount "144"]
[EventDate "2016.08.27"]
[EventType "swiss"]
[EventRounds "9"]
[EventCountry "GER"]
[SourceTitle "EXT 2017"]
[Source "ChessBase"]
[SourceDate "2016.10.25"]
[SourceVersion "1"]
[SourceVersionDate "2016.10.25"]
[SourceQuality "1"]

1. d4 Nf6 2. c4 e6 3. Nc3 Bb4 4. e3 d5 5. Nge2 0-0 6. a3 Be7 7. Nf4 dxc4 8. Bxc4 c5 9. 0-0 cxd4 10. exd4 a6 11. Re1 Nc6 12. d5 exd5 13. Ncxd5 Bd6 14. h3 b5 15. Ba2 Bb7 16. Nxf6+ Qxf6 17. Nh5 Qd4 18. Be3 Qxd1 19. Raxd1 Be5 20. Bc5 Rfd8 21. Bb6 Re8 22. Kf1 Bxb2 23. Rxe8+ Rxe8 24. Rd7 Re7 25. Rd3 g6 26. Nf4 Kg7 27. Bc5 Re4 28. Ne2 Ne5 29. Rd8 Nc4 30. Bf8+ Kf6 31. Bb1 Re5 32. a4 Rd5 33. Rxd5 Bxd5 34. Bb4 bxa4 35. Nf4 Ke5 36. Nd3+ Kd4 37. Ke2 a5 38. Be7 Kc3 39. Bf6+ Kb3 40. Nc5+ Kb4 41. Nd3+ Ka3 42. Be7+ Kb3 43. Nc5+ Kb4 44. Nd3+ Kb5 45. Ba2 Bc3 46. Nf4 Be4 47. f3 Bc2 48. Nd3 Bb3 49. Nc1 Bc2 50. Nd3 Bb4 51. Bf6 a3 52. Bg7 a4 53. Nc1 f5 54. Bf6 Nd2 55. Nd3 Nb3 56. Nxb4 Kxb4 57. Be7+ Nc5 58. Kd2 Bb3 59. Bxb3 axb3 60. Kc1 Kc4 61. Kb1 a2+ 62. Ka1 Nd3 63. g4 Kc3 64. Ba3 Kc2 65. gxf5 gxf5 66. f4 Nxf4 67. h4 Nd3 68. h5 f4 69. h6 f3 70. Bb2 f2 71. Bc1 b2+ 72. Kxa2 Nxc1+ 0-1

[Event "Stuttgart-chB int"]
[Site "Ditzingen"]
[Date "2016.05.06"]
[Round "3"]
[White "Langer, Helmut"]
[Black "Engelhardt, Frank"]
[Result "0-1"]
[WhiteElo "1577"]
[BlackElo "1807"]
[PlyCount "70"]
[EventDate "2016.05.05"]
[EventType "swiss"]
[EventRounds "7"]
[EventCountry "GER"]
[SourceTitle "EXT 2018"]
[Source "ChessBase"]
[SourceDate "2017.10.13"]
[SourceVersion "1"]
[SourceVersionDate "2017.10.13"]
[SourceQuality "1"]

1. Nc3 Nf6 2. e4 e5 3. Bc4 Nc6 4. f4 Bb4 5. d3 0-0 6. Nf3 d5 7. exd5 Nxd5 8. Bxd5 Qxd5 9. 0-0 Bxc3 10. bxc3 Qc5+ 11. Kh1 Qxc3 12. Bd2 Qb2 13. fxe5 Bg4 14. Rb1 Qxa2 15. Rxb7 Nxe5 16. Rxc7 Rac8 17. Rxc8 Rxc8 18. Qa1 Qxa1 19. Rxa1 Nxf3 20. gxf3 Bxf3+ 21. Kg1 Rxc2 22. Rc1 Rxc1+ 23. Bxc1 Kf8 24. Be3 a5 25. Kf2 Bd5 26. Bc5+ Ke8 27. Ke3 Kd7 28. Bf8 g6 29. Kd4 Ke6 30. Bh6 f6 31. h4 a4 32. Bc1 h5 33. Kc5 g5 34. hxg5 fxg5 35. Bxg5 a3 0-1

[Event "Stuttgart-chB int"]
[Site "Ditzingen"]
[Date "2016.05.05"]
[Round "2"]
[White "Engelhardt, Frank"]
[Black "Helmich, Joerg"]
[Result "1/2-1/2"]
[WhiteElo "1807"]
[BlackElo "1700"]
[PlyCount "90"]
[EventDate "2016.05.05"]
[EventType "swiss"]
[EventRounds "7"]
[EventCountry "GER"]
[SourceTitle "EXT 2018"]
[Source "ChessBase"]
[SourceDate "2017.10.13"]
[SourceVersion "1"]
[SourceVersionDate "2017.10.13"]
[SourceQuality "1"]

1. e4 e6 2. d4 d5 3. Nc3 Bb4 4. Bd3 dxe4 5. Bxe4 Nf6 6. Bf3 c5 7. Nge2 cxd4 8. Qxd4 Qxd4 9. Nxd4 Bxc3+ 10. bxc3 e5 11. Nb5 Na6 12. Nd6+ Kd7 13. Ba3 Rb8 14. Rd1 Ke6 15. 0-0 b6 16. Rfe1 Nc5 17. c4 Rd8 18. Nb5 Rxd1 19. Rxd1 a6 20. Nc7+ Ke7 21. h3 Bb7 22. Bxb7 Rxb7 23. Nd5+ Ke8 24. Nxb6 Rxb6 25. Bxc5 Rc6 26. Bd6 Rxc4 27. Bxe5 Rxc2 28. a3 Ra2 29. Rd3 Re2 30. f4 Ra2 31. Bd6 Ra1+ 32. Kh2 Re1 33. Be5 Re4 34. Rd4 Rxd4 35. Bxd4 Nd5 36. Kg3 g6 37. Kf3 f5 38. g3 Kf7 39. Ke2 Ke6 40. Kd3 Kd7 41. Be5 Kc6 42. Kd4 Nb6 43. g4 Nd7 44. gxf5 gxf5 45. Bg7 Kd6 1/2-1/2

[Event "Wuerttemberg-ch KT"]
[Site "Stuttgart"]
[Date "2015.09.04"]
[Round "7"]
[White "Freiherr von Hauff, Christopher V"]
[Black "Engelhardt, Frank"]
[Result "1-0"]
[WhiteElo "1858"]
[BlackElo "1794"]
[PlyCount "45"]
[EventDate "2015.08.29"]
[EventType "swiss"]
[EventRounds "9"]
[EventCountry "GER"]
[SourceTitle "EXT 2017"]
[Source "ChessBase"]
[SourceDate "2016.10.25"]
[SourceVersion "1"]
[SourceVersionDate "2016.10.25"]
[SourceQuality "1"]

1. e4 c5 2. c3 d5 3. exd5 Qxd5 4. d4 Nf6 5. Nf3 Bg4 6. Be2 cxd4 7. cxd4 e6 8. Nc3 Bb4 9. Bd2 Bxc3 10. Bxc3 Nc6 11. 0-0 0-0 12. Rc1 Rac8 13. Re1 Ne4 14. h3 Bh5 15. Ne5 Nxc3 16. bxc3 Bxe2 17. Rxe2 Nxe5 18. Rxe5 Qxa2 19. Ra1 Qb2 20. Rxa7 Rxc3 21. Re2 Qb6 22. Qa1 Rfc8 23. Qxc3 1-0

[Event "Wuerttemberg-ch KT"]
[Site "Stuttgart"]
[Date "2015.09.01"]
[Round "5"]
[White "Engelhardt, Frank"]
[Black "Schoembs, Oliver"]
[Result "1-0"]
[WhiteElo "1794"]
[BlackElo "1917"]
[PlyCount "85"]
[EventDate "2015.08.29"]
[EventType "swiss"]
[EventRounds "9"]
[EventCountry "GER"]
[SourceTitle "EXT 2017"]
[Source "ChessBase"]
[SourceDate "2016.10.25"]
[SourceVersion "1"]
[SourceVersionDate "2016.10.25"]
[SourceQuality "1"]

1. d4 c5 2. c3 e6 3. Nf3 d5 4. Bf4 Nc6 5. e3 Nf6 6. Nbd2 Be7 7. h3 cxd4 8. exd4 a6 9. Bd3 b5 10. 0-0 Bb7 11. Re1 h6 12. Qe2 0-0 13. Ne5 Ra7 14. Ndf3 Qc8 15. Bc2 Na5 16. Nd2 b4 17. Qd3 Nc4 18. Ndxc4 dxc4 19. Nxc4 bxc3 20. bxc3 Qc6 21. Ne3 Rc8 22. c4 Bb4 23. d5 Qd7 24. Reb1 Bc5 25. Ng4 Nxg4 26. Qh7+ Kf8 27. hxg4 Bd4 28. dxe6 fxe6 29. Be3 Bxe3 30. fxe3 Qd2 31. Rf1+ Ke8 32. Qg8+ Kd7 33. Qxg7+ Kc6 34. Be4+ Kb6 35. Bxb7 Qxe3+ 36. Kh1 Rxc4 37. Rab1+ Ka5 38. Rfe1 Qf2 39. Qe7 Qd4 40. Qxe6 Qf2 41. Qxc4 Rxb7 42. Re5+ Rb5 43. Rexb5+ 1-0

[Event "Wuerttemberg-ch KT"]
[Site "Stuttgart"]
[Date "2015.09.01"]
[Round "4"]
[White "Ruff, Robert"]
[Black "Engelhardt, Frank"]
[Result "1-0"]
[WhiteElo "1841"]
[BlackElo "1794"]
[PlyCount "64"]
[EventDate "2015.08.29"]
[EventType "swiss"]
[EventRounds "9"]
[EventCountry "GER"]
[SourceTitle "EXT 2017"]
[Source "ChessBase"]
[SourceDate "2016.10.25"]
[SourceVersion "1"]
[SourceVersionDate "2016.10.25"]
[SourceQuality "1"]

1. d4 Nf6 2. c4 e6 3. Nc3 d5 4. Bg5 Be7 5. cxd5 exd5 6. Qc2 0-0 7. e3 h6 8. Bh4 Nc6 9. a3 Re8 10. Bd3 Be6 11. Nf3 Rc8 12. 0-0 Nd7 13. Bg3 Bf6 14. b4 a6 15. Rac1 Nb6 16. Bh7+ Kh8 17. Bf5 Nc4 18. Bxe6 fxe6 19. Qa2 b5 20. Rfd1 Qd7 21. h3 Rcd8 22. Ne1 Qf7 23. Nd3 e5 24. dxe5 N6xe5 25. Nc5 c6 26. Ne2 Nd7 27. Nd3 a5 28. Bc7 Rc8 29. Bxa5 Qe7 30. Kf1 Rf8 31. Kg1 Rce8 32. Nef4 d4 1-0

[Event "Wuerttemberg-ch KT"]
[Site "Gruenbach"]
[Date "2014.09.02"]
[Round "4"]
[White "Engelhardt, Frank"]
[Black "Wendler, David"]
[Result "1-0"]
[WhiteElo "1859"]
[BlackElo "1768"]
[PlyCount "55"]
[EventDate "2014.08.30"]
[EventType "swiss"]
[EventRounds "9"]
[EventCountry "GER"]
[SourceTitle "EXT 2017"]
[Source "ChessBase"]
[SourceDate "2016.10.25"]
[SourceVersion "1"]
[SourceVersionDate "2016.10.25"]
[SourceQuality "1"]

1. d4 Nf6 2. Nf3 e6 3. Bf4 b6 4. Nbd2 Bb7 5. e3 Be7 6. Bd3 d6 7. c3 Nbd7 8. Qe2 0-0 9. e4 c5 10. h3 Rc8 11. 0-0 Kh8 12. Rad1 d5 13. e5 Ng8 14. Rfe1 Nb8 15. Nf1 Nc6 16. Ng3 cxd4 17. Nxd4 Bc5 18. Nxc6 Bxc6 19. Qg4 g6 20. Ba6 Rc7 21. h4 h5 22. Nxh5 gxh5 23. Qxh5+ Kg7 24. Rd3 Re8 25. Rg3+ Kf8 26. Qh8 Ke7 27. Bg5+ f6 28. Qg7# 1-0

[Event "Wuerttemberg-ch KT"]
[Site "Gruenbach"]
[Date "2014.08.30"]
[Round "1"]
[White "Geshnizjani, Ramin Tobias"]
[Black "Engelhardt, Frank"]
[Result "1-0"]
[WhiteElo "2078"]
[BlackElo "1859"]
[PlyCount "83"]
[EventDate "2014.08.30"]
[EventType "swiss"]
[EventRounds "9"]
[EventCountry "GER"]
[SourceTitle "EXT 2017"]
[Source "ChessBase"]
[SourceDate "2016.10.25"]
[SourceVersion "1"]
[SourceVersionDate "2016.10.25"]
[SourceQuality "1"]

1. e4 b6 2. d4 Bb7 3. Bd3 e6 4. Nc3 Nf6 5. a3 c5 6. Nf3 c4 7. Bxc4 Nxe4 8. Nxe4 Bxe4 9. Qe2 Bxf3 10. Qxf3 Nc6 11. Be3 Rc8 12. Ba6 Rc7 13. d5 Ne5 14. Qe4 Bd6 15. dxe6 fxe6 16. Rd1 Nf7 17. h4 Qf6 18. Rh3 Qe5 19. Qxe5 Bxe5 20. c3 0-0 21. Bb5 Nd6 22. Be2 Nf5 23. Bg5 h6 24. Bc1 d5 25. g4 Nd6 26. Re3 Ne4 27. Bd3 Bf4 28. Re2 Bxc1 29. Rxc1 Nc5 30. Re3 d4 31. Rg3 Na4 32. Rc2 dxc3 33. b3 Nb2 34. Ba6 Rcf7 35. Rgxc3 Na4 36. bxa4 Rf4 37. Rc4 Rf3 38. Bc8 Rxa3 39. Bxe6+ Kh8 40. Rc8 Raf3 41. Rxf8+ Rxf8 42. Rc8 1-0

[Event "Stuttgart-chA int"]
[Site "Ditzingen"]
[Date "2013.05.11"]
[Round "5"]
[White "Walliser, Holger"]
[Black "Engelhardt, Frank"]
[Result "1-0"]
[WhiteElo "1942"]
[BlackElo "1882"]
[PlyCount "83"]
[EventDate "2013.05.09"]
[EventType "swiss"]
[EventRounds "7"]
[EventCountry "GER"]
[SourceTitle "EXT 2014"]
[Source "ChessBase"]
[SourceDate "2013.11.20"]
[SourceVersion "1"]
[SourceVersionDate "2013.11.20"]
[SourceQuality "1"]

1. e4 c5 2. Nf3 d6 3. d4 cxd4 4. Nxd4 Nf6 5. Nc3 a6 6. Bc4 e5 7. Nf3 Be7 8. Bg5 Nbd7 9. Qe2 b5 10. Bxf6 Nxf6 11. Bb3 0-0 12. 0-0-0 Bd7 13. Nd5 Nxd5 14. Bxd5 Rb8 15. Kb1 Qc7 16. Rhg1 Bc6 17. g4 Rb6 18. g5 Bxd5 19. Rxd5 Rc6 20. h4 Rc8 21. Ne1 Rc4 22. h5 Qa5 23. b3 Rc3 24. g6 fxg6 25. hxg6 h6 26. Rg2 Qc7 27. f4 exf4 28. Rf5 Bf6 29. Rxf4 Qb6 30. Nd3 a5 31. Qh5 Rxd3 32. cxd3 Qe3 33. Qd5+ Kh8 34. Rf1 Bd4 35. Qxb5 a4 36. Rgf2 Bf6 37. e5 dxe5 38. Rxf6 gxf6 39. Qd7 Rc7 40. Qd8+ Kg7 41. Qxc7+ Kxg6 42. Qc4 1-0

[Event "Stuttgart-chA int"]
[Site "Ditzingen"]
[Date "2013.05.10"]
[Round "4"]
[White "Engelhardt, Frank"]
[Black "Giricz, Thomas"]
[Result "1/2-1/2"]
[WhiteElo "1882"]
[BlackElo "1875"]
[PlyCount "56"]
[EventDate "2013.05.09"]
[EventType "swiss"]
[EventRounds "7"]
[EventCountry "GER"]
[SourceTitle "EXT 2014"]
[Source "ChessBase"]
[SourceDate "2013.11.20"]
[SourceVersion "1"]
[SourceVersionDate "2013.11.20"]
[SourceQuality "1"]

1. e4 c5 2. Nf3 e6 3. g3 d6 4. Bg2 Nc6 5. 0-0 Rb8 6. d4 cxd4 7. Nxd4 Nf6 8. Nxc6 bxc6 9. e5 Nd5 10. c4 Ba6 11. cxd5 Bxf1 12. Bxf1 exd5 13. exd6 Bxd6 14. Qd4 0-0 15. Nc3 Qe7 16. Qd1 Be5 17. Qe2 Qf6 18. Nd1 c5 19. Bg2 Rfd8 20. Ne3 Bxb2 21. Nxd5 Qd4 22. Ne7+ Kh8 23. Be3 Qf6 24. Rb1 Bd4 25. Rxb8 Rxb8 26. Bxd4 cxd4 27. Qe1 Rb2 28. Nd5 Qe6 1/2-1/2

[Event "Deizisau op 7th"]
[Site "Deizisau"]
[Date "2012.10.27"]
[Round "1"]
[White "Engelhardt, Frank"]
[Black "Pezerovic, Edin"]
[Result "1/2-1/2"]
[WhiteElo "1892"]
[BlackElo "2453"]
[PlyCount "96"]
[EventDate "2012.10.27"]
[EventType "swiss"]
[EventRounds "7"]
[EventCountry "GER"]
[SourceTitle "EXT 2013"]
[Source "ChessBase"]
[SourceDate "2012.11.22"]
[SourceVersion "1"]
[SourceVersionDate "2012.11.22"]
[SourceQuality "1"]

1. e4 c6 2. d4 d5 3. exd5 cxd5 4. Nf3 Nf6 5. Be2 Bf5 6. Nbd2 Nc6 7. c3 e6 8. 0-0 Bd6 9. Re1 Qc7 10. Nf1 0-0 11. Nh4 Be4 12. Bg5 Be7 13. Ng3 h6 14. Bxf6 Bxf6 15. Nf3 Bxf3 16. Bxf3 Na5 17. Rc1 Rac8 18. Rc2 b5 19. Be2 Nc4 20. Bxc4 bxc4 21. Qg4 Bg5 22. Re5 g6 23. Rce2 Kh7 24. Rc2 Bf6 25. Re3 Bg7 26. f4 Rb8 27. Rf2 Rb6 28. h4 h5 29. Qf3 Qd8 30. Nxh5 gxh5 31. Qxh5+ Kg8 32. Rg3 f5 33. Rff3 Rf7 34. Rg6 e5 35. Rxb6 Qxb6 36. fxe5 f4 37. Rf2 Qe6 38. Kh2 Rf5 39. Qg4 Qf7 40. Kh3 Kh7 41. e6 Qxe6 42. Rxf4 Qe3+ 43. Rf3 Rxf3+ 44. gxf3 Bf6 45. Qd7+ Kh6 46. Qxd5 Qf2 47. Qe4 Qxb2 48. h5 Kxh5 1/2-1/2

[Event "Stuttgart-chA int"]
[Site "Gerlingen"]
[Date "2011.06.03"]
[Round "4"]
[White "Engelhardt, Frank"]
[Black "Santos, Paulo J"]
[Result "0-1"]
[WhiteElo "1917"]
[BlackElo "1890"]
[PlyCount "84"]
[EventDate "2011.06.02"]
[EventType "swiss"]
[EventRounds "7"]
[EventCountry "GER"]
[SourceTitle "EXT 2018"]
[Source "ChessBase"]
[SourceDate "2017.10.13"]
[SourceVersion "1"]
[SourceVersionDate "2017.10.13"]
[SourceQuality "1"]

1. e4 e5 2. Nf3 Nc6 3. Bb5 a6 4. Ba4 Nf6 5. 0-0 Nxe4 6. d4 b5 7. Bb3 d5 8. dxe5 Be6 9. c3 Bc5 10. Qe2 0-0 11. Nbd2 Nxf2 12. Rxf2 f6 13. Kh1 Bxf2 14. Qxf2 fxe5 15. Qe3 e4 16. Nxe4 dxe4 17. Bxe6+ Kh8 18. Nd2 Qf6 19. Bd5 Rad8 20. Bxc6 Qxc6 21. h3 Rd3 22. Qe2 Qd5 23. a4 e3 24. Nf3 Rd1+ 25. Kh2 Qd6+ 26. g3 Qd5 27. Kg2 bxa4 28. Qxe3 Rd3 29. c4 Qxf3+ 30. Qxf3 Rfxf3 31. Bf4 a3 32. Re1 Kg8 33. bxa3 Rxa3 34. Bxc7 Rfe3 35. Rf1 Ra2+ 36. Kh1 Rae2 37. c5 Re1 38. Kg1 Rxf1+ 39. Kxf1 Kf7 40. Kf2 Rc3 41. Ke2 Rxc5 42. Bd6 Rd5 0-1

[Event "Stuttgart-chA int"]
[Site "Gerlingen"]
[Date "2011.06.03"]
[Round "3"]
[White "Stitterich, Nadine"]
[Black "Engelhardt, Frank"]
[Result "1-0"]
[WhiteElo "2015"]
[BlackElo "1917"]
[PlyCount "113"]
[EventDate "2011.06.02"]
[EventType "swiss"]
[EventRounds "7"]
[EventCountry "GER"]
[SourceTitle "EXT 2018"]
[Source "ChessBase"]
[SourceDate "2017.10.13"]
[SourceVersion "1"]
[SourceVersionDate "2017.10.13"]
[SourceQuality "1"]

1. e4 e5 2. Nf3 Nc6 3. Bb5 Nf6 4. 0-0 d6 5. Re1 Be7 6. c3 a6 7. Ba4 b5 8. Bc2 0-0 9. h3 Re8 10. d4 exd4 11. cxd4 h6 12. Nc3 Bf8 13. a4 b4 14. Nb1 a5 15. Bd3 Bd7 16. Nbd2 g6 17. b3 Bg7 18. Bb2 Nh5 19. Qc2 Nf4 20. Bf1 g5 21. Rac1 Ra7 22. Rcd1 h5 23. Bb5 Nb8 24. Bxd7 Nxd7 25. Qc6 g4 26. hxg4 hxg4 27. Nh2 Nd3 28. Ndf1 Nxe1 29. Rxe1 Nf6 30. Ng3 Qa8 31. Qc2 c5 32. dxc5 Rc7 33. Bxf6 Bxf6 34. Nxg4 Bg7 35. Nh5 Rxc5 36. Nhf6+ Kf8 37. Nd7+ Kg8 38. Nxc5 Qc6 39. Rc1 dxc5 40. Qxc5 Qxe4 41. Qg5 Qg6 42. Qxg6 fxg6 43. Kf1 Bc3 44. Rd1 Re7 45. Ne3 Re5 46. Rd5 Kf7 47. Rxe5 Bxe5 48. Ke2 Ke6 49. Kd3 Bc7 50. Ke4 Bd8 51. f4 Bb6 52. Nc4 Bc7 53. g4 Kf6 54. Ne3 Bd8 55. g5+ Ke6 56. Ng4 Kd6 57. Ne5 1-0

[Event "Stuttgart-chB int"]
[Site "Ditzingen"]
[Date "2005.05.07"]
[Round "6"]
[White "Eltschkner, Christian"]
[Black "Engelhardt, Frank"]
[Result "0-1"]
[WhiteElo "1570"]
[BlackElo "1755"]
[PlyCount "106"]
[EventDate "2005.05.05"]
[EventType "swiss"]
[EventRounds "7"]
[EventCountry "GER"]
[SourceTitle "EXT 2018"]
[Source "ChessBase"]
[SourceDate "2017.10.13"]
[SourceVersion "1"]
[SourceVersionDate "2017.10.13"]
[SourceQuality "1"]

1. c4 Nf6 2. g3 e5 3. Bg2 Bc5 4. Nc3 0-0 5. Nf3 Re8 6. 0-0 Nc6 7. d3 a6 8. a3 a5 9. Bg5 h6 10. Bxf6 Qxf6 11. Nd5 Qd8 12. Nd2 d6 13. e3 Ne7 14. Qb3 a4 15. Qc3 c6 16. Nb4 Bf5 17. d4 Bxb4 18. axb4 exd4 19. Qxd4 d5 20. Rfc1 Be6 21. c5 Nf5 22. Qd3 Qf6 23. Qc2 d4 24. e4 d3 25. Qxd3 Red8 26. Qf3 Rxd2 27. exf5 Bxf5 28. g4 Be6 29. Rc3 Rxb2 30. Qxf6 gxf6 31. Bf3 Rxb4 32. h3 Rb3 33. Rxb3 Bxb3 34. Bd1 Bxd1 35. Rxd1 Ra5 36. Ra1 Rxc5 37. Rxa4 b5 38. Rb4 Rc4 39. Rb3 Kf8 40. Kf1 Ke7 41. Ke2 Ke6 42. Kd3 Kd5 43. f3 b4 44. Kd2 Kc5 45. Rb2 Rc3 46. Ke2 Kc4 47. h4 b3 48. f4 Rc2+ 49. Rxc2+ bxc2 50. Kd2 Kd4 51. g5 h5 52. f5 fxg5 53. hxg5 Ke5 0-1

[Event "Wuerttemberg candidate op"]
[Site "Oeffingen"]
[Date "2002.08.24"]
[Round "1"]
[White "Hallmann, Norbert"]
[Black "Engelhardt, Frank"]
[Result "1-0"]
[WhiteElo "2129"]
[BlackElo "1804"]
[PlyCount "87"]
[EventDate "2002.??.??"]
[EventType "swiss"]
[EventRounds "9"]
[EventCountry "GER"]
[SourceTitle "EXT 2004"]
[Source "ChessBase"]
[SourceDate "2003.11.25"]
[SourceVersion "1"]
[SourceVersionDate "2003.11.25"]
[SourceQuality "1"]

1. e4 c5 2. Nc3 Nc6 3. f4 e6 4. g3 d6 5. Bg2 g6 6. d3 Bg7 7. Nf3 Nge7 8. 0-0 0-0 9. Qe1 e5 10. h3 Nd4 11. Qf2 Be6 12. g4 Bd7 13. f5 f6 14. Nd1 Qa5 15. c3 Nb3 16. axb3 Qxa1 17. Be3 Qa6 18. c4 b5 19. Qh4 g5 20. Nxg5 fxg5 21. Bxg5 Ng6 22. fxg6 Rxf1+ 23. Bxf1 hxg6 24. Be7 bxc4 25. bxc4 Qa1 26. Ne3 Qxb2 27. Nd5 Kf7 28. Bxd6 Qd4+ 29. Kh1 Re8 30. Bc7 Bc6 31. g5 Bxd5 32. cxd5 Kg8 33. d6 Rf8 34. Bg2 a5 35. Qg4 a4 36. d7 a3 37. d8Q Rxd8 38. Bxd8 Qxd3 39. Qe6+ Kh7 40. Bf6 Bxf6 41. gxf6 Qb1+ 42. Kh2 a2 43. Qe7+ Kh6 44. f7 1-0